| 000 | 004550000a22001810004500 | ||
|---|---|---|---|
| 003 | MACL | ||
| 005 | 20151219143051.0 | ||
| 008 | 151219b xxu||||| |||| 00| 0 eng d | ||
| 040 |
_aMACL _cMACL |
||
| 041 | _aEnglish | ||
| 082 | _a370/POT | ||
| 100 |
_aPotter, F F _921394 |
||
| 245 |
_aThe Practical Senior Teacher _bVol 4 |
||
| 260 |
_bThe New Era Publishing Co Ltd _aLondon |
||
| 350 | _a27 | ||
| 650 |
_aEducation _921435 |
||
| 942 |
_cBK _k370/POT _2ddc |
||
| 999 |
_c39863 _d39863 |
||